000 00602cam a22002171 4500
001 sa 67004253
003 DLC
005 20260227112345.0
008 870630s1966 ii b 000 0 eng
010 _asa 67004253
025 _aPL480:I-E-7489
035 _a(OCoLC)16107396
040 _aDLC
_cCLU
_dOCoLC
_dDLC
050 0 0 _aLB1028
_b.S18
100 1 _aSamant, Dattatraya Govind.
245 1 4 _aThe making of educational research.
260 _aBombay,
_bPopular Prakashan
_c[1966]
300 _aviii, 92 p.
_c23 cm.
504 _aBibliography: p. 89-90.
650 0 _aEducation
_xResearch
_zIndia.
999 _c74338
_d74338